Top 5 strzelców Serie A z każdego sezonu w XXI wieku. - Statystyki

Ogólne statystyki
  • Ten quiz został rozwiązany 230 razy
  • Średni wynik to 42 z 95
Statystyki odpowiedzi
Sezon Klub Odpowiedź % Poprawnych
Juventus Turyn Cristiano Ronaldo
97%
Genoa / AC Milan Krzysztof Piątek
94%
2017/2018 Lazio Rzym Ciro Immobile
91%
2013/2014 Torino Ciro Immobile
91%
Juventus Turyn Gonzalo Higuaín
85%
2015/2016 Napoli Gonzalo Higuaín
85%
Napoli Gonzalo Higuaín
85%
Napoli Gonzalo Higuaín
85%
Juventus Turyn Paulo Dybala
84%
Juventus Turyn Paulo Dybala
84%
Napoli Dries Mertens
82%
Napoli Dries Mertens
82%
2011/2012 AC Milan Zlatan Ibrahimovic
80%
2008/2009 Inter Mediolan Zlatan Ibrahimovic
80%
Inter Mediolan Zlatan Ibrahimovic
80%
Napoli Arkadiusz Milik
79%
Atalanta Duván Zapata
74%
2007/2008 Juventus Turyn Alessandro Del Piero
73%
Juventus Turyn Alessandro Del Piero
73%
2016/2017 AS Roma Edin Dzeko
72%
2006/2007 AS Roma Francesco Totti
72%
AS Roma Francesco Totti
72%
2018/2019 Sampdoria Fabio Quagliarella
68%
Sampdoria Fabio Quagliarella
68%
Inter Mediolan Mauro Icardi
68%
Inter Mediolan Mauro Icardi
68%
Inter Mediolan Mauro Icardi
68%
2014/2015 Inter Mediolan Mauro Icardi
68%
Torino Andrea Belotti
64%
AC Milan Filippo Inzaghi
63%
Udinese Antonio Di Natale
57%
Udinese Antonio Di Natale
57%
2010/2011 Udinese Antonio Di Natale
57%
2009/2010 Udinese Antonio Di Natale
57%
Udinese Antonio Di Natale
57%
AC Milan Kaka
57%
2012/2013 Napoli Edinson Cavani
52%
Napoli Edinson Cavani
52%
Napoli Edinson Cavani
52%
Inter Mediolan Diego Milito
50%
Inter Mediolan Diego Milito
50%
Genoa Diego Milito
50%
Hellas Verona Luca Toni
50%
Hellas Verona Luca Toni
50%
2005/2006 Fiorentina Luca Toni
50%
Palermo Luca Toni
50%
Juventus Turyn David Trezeguet
45%
Juventus Turyn David Trezeguet
45%
2001/2002 Juventus Turyn David Trezeguet
45%
Inter Mediolan Samuel Eto'o
42%
AC Milan Andriy Shevchenko
41%
2003/2004 AC Milan Andriy Shevchenko
41%
AC Milan Andriy Shevchenko
41%
Juventus Turyn Carlos Tevez
38%
Juventus Turyn Carlos Tevez
38%
2002/2003 Inter Mediolan Christian Vieri
38%
Inter Mediolan Christian Vieri
38%
Inter Mediolan Christian Vieri
38%
2000/2001 Lazio Hernán Crespo
35%
Parma / Inter Adriano
29%
Fiorentina Alberto Gilardino
27%
Fiorentina Alberto Gilardino
27%
Parma Alberto Gilardino
27%
Parma Alberto Gilardino
27%
AS Roma Gabriel Batistuta
26%
AS Roma Mohamed Salah
26%
AC Milan Carlos Bacca
22%
AC Milan Stephan El Shaarawy
18%
Fiorentina Enrico Chiesa
17%
Inter Mediolan Rodrigo Palacio
17%
Genoa Rodrigo Palacio
17%
Palermo Fabrizio Miccoli
15%
Sampdoria Giampaolo Pazzini
14%
Lecce Mirko Vucinic
14%
Cagliari / Juventus Alessandro Matri
13%
AC Milan Jeremy Menez
12%
AS Roma Vincenzo Montella
12%
Parma Adrian Mutu
9%
Bologna Marco Di Vaio
9%
Bologna Marco Di Vaio
9%
Parma Marco Di Vaio
9%
AS Livorno Cristiano Lucarelli
8%
AS Livorno Cristiano Lucarelli
8%
2004/2005 AS Livorno Cristiano Lucarelli
8%
Lazio Claudio Lopez
6%
AS Roma Daniel Osvaldo
5%
Genoa Marco Borriello
5%
Atalanta Germán Denis
3%
Piacenza Dario Hubner
2%
Venezia Filippo Maniero
2%
Lecce Javier Chevanton
2%
Reggina 1914 Nicola Amoruso
2%
ACR Messina Christian Rigano
1%
Cagliari David Suazo
1%
Reggina 1914 Rolando Bianchi
1%
Nie znaleziono quizów pasujących do podanych kryteriów
Rozkład punktacji
Procent ludzi z każdym wynikiem
Percentyl według liczby udzielonych odpowiedzi
Twoja historia wyników
Nie rozwiązałeś tego quizu